Strategie úspěchu

Guardado en:
Detalles Bibliográficos
Autor principal: Richardsonová, Linda
Otros Autores: Bušek, Bohumil
Formato: Libro
Lenguaje:checo
Publicado: Praha Victoria Publ. 1992
Edición:1. vyd.
Materias:
Etiquetas: Agregar Etiqueta
Sin Etiquetas, Sea el primero en etiquetar este registro!

MARC

LEADER 00000nam a2200000 4500
001 c001450
005 20221214091927.0
020 |a 80-85605-21-X 
041 0 |a cze 
044 |a CZ 
245 1 0 |a Strategie úspěchu  |c Linda Richardsonová ; [Z angl. prel.] Bohumil Bušek 
250 |a 1. vyd. 
264 1 |a Praha  |b Victoria Publ.  |c 1992 
300 |a 134 s. 
610 2 0 |a úspech pracovný 
610 2 0 |a psychológia 
610 2 0 |a marketing 
610 2 0 |a zákazníci 
610 2 0 |a obchod 
610 2 0 |a psychológia predaja 
100 1 |a Richardsonová, Linda 
700 1 |a Bušek, Bohumil